Reich, Ines, 1966-. Carl Friedrich Goerdeler. - Köln [u.a.] : Böhlau. - 1997 [Rezension]

Titel: Reich, Ines, 1966-. Carl Friedrich Goerdeler. - Köln [u.a.] : Böhlau. - 1997 [Rezension]
Verfasser:
In: Neues Archiv für sächsische Geschichte, Band 69 (1998), Seite 348-350
alle Artikel anzeigen
Veröffentlicht: 1998 [1999]
Format: Aufsatz
Sprache: Deutsch
Kein Bild verfügbar
X
alg: 39503353
001A    $01999:12-11-16 
001B    $01999:04-08-21 $t21:02:41.000 
001D    $01999:12-11-16 
001U    $0utf8 
001X    $00 
002@    $0Aox 
003@    $0395033535 
007A    $0395033535 $aHEB 
007T    $0Herd16004 
010@    $ager 
011@    $a1998 $n1998 [1999] 
021A    $aReich, Ines, 1966-. Carl Friedrich Goerdeler. - Köln {[u.a.] : Böhlau. -  1997 [Rezension] 
028A    $aWiemers $dGerald 
031A    $d69 $h348-350 $j1998 
039B    $aIn $8--Abvc--. Neues Archiv für sächsische Geschichte. - Neustadt a.d. Aisch : Schmidt, 1880-. - ISSN 0944-8195 $x199800000690000652 $9047449519 
039T    $8--Aau--Reich, Ines$Z1966- [Tp3]. Carl Friedrich Goerdeler. - Köln {[u.a.] : Böhlau, 1997. - 302 S.. - Ill.. - ISBN 3-412-05797-5 $9054047463 
045F    $a900.94382 $eDDC23BSB 
045F/01 $a900 
045F/03 $g4382 
045F/03 $g43832 
045T    $a8,1 

lok: 39503353 78

exp: 39503353 78 1 #EPN
201B/01 $018-11-16 $t13:32:48.000 
201U/01 $0utf8 
203@/01 $0791332144 
208@/01 $a12-11-16 $be 
209A/01 $a/ $f000 $x00 
220C/01 $aTitelaufnehmer: ej;cs 
244Z/01 $2Trx $#Prusy Wschodnie i Zachodnie $8--Trx--Ost- und Westpreußen $x01 $939113373X 
244Z/01 $2Trx $#arvustused $#recenzijos $#Reviews $#recenziók $#recenzje $#recenzie $#recenze $8--Trx--Rezensionen $x02 $9391357441 
247C/01 $82080>Marburg/Lahn, Herder-Institut, Forschungsbibliothek, Bibliographieportal $9336309341
LEADER 00000caa a22000002c 4500
001 395033535
003 DE-603
005 20210804210241.0
007 tu
008 161112s1998 xx |||| | u00||u|ger c
035 |a (DE-599)HEB395033535 
040 |a DE-603  |b ger  |c DE-603  |d DE-603 
041 |a ger 
082 0 4 |8 1\u  |a 900.94382  |q DE-101  |2 23/BSB 
084 |a 8,1  |2 ssgn 
085 |8 1\u  |b 900 
085 |8 1\u  |z 2  |s 4382 
085 |8 1\u  |z 2  |s 43832 
100 1 |a Wiemers, Gerald 
245 0 0 |a Reich, Ines, 1966-. Carl Friedrich Goerdeler. - Köln ˜[u.a.] œ: Böhlau. - 1997 [Rezension] 
264 0 |c 1998 [1999] 
773 0 8 |i In  |t Neues Archiv für sächsische Geschichte  |d Neustadt a.d. Aisch : Schmidt, 1880-  |x 0944-8195  |g Band 69 (1998), Seite 348-350  |w (DE-603)047449519  |w (DE-600)280274-0 
787 0 8 |i Rezension von  |a Reich, Ines, 1966-  |t Carl Friedrich Goerdeler  |d Köln ˜[u.a.] œ: Böhlau, 1997  |h 302 S., Ill.  |z 3412057975  |w (DE-603)054047463 
924 0 |9 2080  |a (DE-603)791332144  |b DE-2080  |c HES  |d d  |g /